A Study Of Bosch Production System (Record no. 97306)

MARC details
000 -LEADER
fixed length control field 00427nam a2200145Ia 4500
008 - FIXED-LENGTH DATA ELEMENTS--GENERAL INFORMATION
fixed length control field 230128s9999 xx 000 0 und d
041 ## - LANGUAGE CODE
Language code of text/sound track or separate title eng
082 ## - DEWEY DECIMAL CLASSIFICATION NUMBER
Classification number MAY PR0697
Item number MAY
100 ## - MAIN ENTRY--PERSONAL NAME
Personal name Mayuri Gaikwad - 2k181133 & Prof Genesh Lotke - Guide
9 (RLIN) 119002
245 ## - TITLE STATEMENT
Title A Study Of Bosch Production System
260 ## - PUBLICATION, DISTRIBUTION, ETC. (IMPRINT)
Date of publication, distribution, etc. 2019
Name of publisher, distributor, etc. Savitribai Phule Pune University
Place of publication, distribution, etc. Pune
300 ## - PHYSICAL DESCRIPTION
Extent 48p
Other physical details Hard Bound
440 ## - SERIES STATEMENT/ADDED ENTRY--TITLE
Volume/sequential designation 1

No items available.